| 000 | 00635nam a22001817a 4500 | ||
|---|---|---|---|
| 005 | 20251108164316.0 | ||
| 008 | 250721s1987 xx 000 0 ara d | ||
| 082 | 1 | 4 | _a382.9142/أمي |
| 100 | 1 | _aالشنواني، أميرة محمد | |
| 245 | 1 | 0 | _aالسوق الأوروبية المشتركة و أزمة الشرق الأوسط / |
| 264 | 1 |
_aالقاهرة : _bالهيئة المصرية العامة للكتاب، _c1987. |
|
| 300 | _a298ص | ||
| 650 | 1 | 7 | _aأوروبا |
| 650 | 1 | 7 | _aالإتفاقيات التجارية |
| 650 | 1 | 7 | _aالسوق الأوروبية المشتركة |
| 942 |
_2ddc _cBK |
||
| 999 |
_c8962 _d8962 |
||